00815nam a2200205 a 450000100100000000500170001000800410002702000150006804000250008304100130010808200150012110000280013624000550016424501610021926000310038030000280041170000400043995201130047999900170059200004458320201002045459.0140718s1984 mx ac 000 0 spa d a9684092636 aDO-SdBNPbspacBNPHU17aspaheng axxxxbxxxx1 aCommins, Dorothy97261010aWhat is an editor? Saxe Commins at worklEspañol10a¿Qué es un editor? :bel editor Saxe Commins en acción /cDorothy Commins ; prólogo de Octavio Colmenares ; traducción al castellano Aurora Merino. aMéxico :bEdamex,c1984. a307 p. :bil. ;c20 cm.12aColmenares, Octavioepról.972611 001050718MOaGRbGRcCTd2014-07-18iLF1l0oxxxx xxxxp44583-10r2020-06-25w2020-06-25y1ZNo se presta c44072d44072